Statistics for Girl Names Word Scramble

Click here to take the quiz!

General Stats

  • This quiz has been taken 133 times
  • The average score is 11 of 20

Answer Stats

HintAnswer% Correct
YopppPoppy
95%
CagreGrace
90%
SeseijJessie
78%
MarretagMargaret
73%
SixaleAlexis
69%
YaverAvery
69%
NaemgMegan
63%
VoialiOlivia
60%
HafitFaith
54%
CherlaRachel
53%
CtoviariVictoria
52%
LeiymEmily
48%
HamariMariah
48%
ZebhlietaElizabeth
43%
PhesteinaStephanie
43%
AgienllanAngelina
42%
YortalTaylor
40%
RaphreHarper
38%
AlebasilIsabella
32%
EentklhaKathleen
27%

Score Distribution

Percentile by Number Answered

Percent of People with Each Score

Your Score History

You have not taken this quiz